| 000 | 00645nam a2200229Ia 4500 | ||
|---|---|---|---|
| 003 | OSt | ||
| 005 | 20220916110917.0 | ||
| 006 | a|||||r|||| 00| 0 | ||
| 007 | ta | ||
| 008 | 220915b |||||||| |||| 00| 0 hin d | ||
| 024 | _a183905 | ||
| 037 | _cTextbook | ||
| 040 |
_bhin _aARTS _cARTS |
||
| 041 | _ahin | ||
| 082 | _aO152:9, H91 | ||
| 100 | _aधर्मवीर भारती | ||
| 245 | 0 | _aप्रगतिवाद: एक समीक्षा | |
| 246 | _aPragativāda: ek samīkṣhā | ||
| 260 | _c1949 | ||
| 942 |
_hO152:9, H91 _cTB _2CC |
||
| 999 |
_c101106 _d101106 |
||